| 000 | 00525nam a2200169Ia 4500 | ||
|---|---|---|---|
| 008 | 220216s9999 xx 000 0 und d | ||
| 100 | _aNicolas D | ||
| 245 | 0 | _aContribution to the study and evaluation of new germplasm for use in Hevea genetic improvement | |
| 260 | _bHevea 88: IRRDB, 2 August to 7 November 1988, Paris. pp.335-352. | ||
| 650 | _aGermplasm | ||
| 650 | _aHevea clones | ||
| 650 | _aLeaf morphology | ||
| 650 | _aVariability | ||
| 700 | _aChevallier M H | ||
| 700 | _aClement-Demange A | ||
| 942 | _cJS | ||
| 999 |
_c56285 _d56285 |
||